Statistiques concernant 15 principaux pays touchés par Covid-19 - 31 janvier

Cliquez ici pour prendre le quiz!

Statistiques générales

  • Ce quiz a été pris 34 fois
  • Le résultat moyen est 16 sur 28

Statistiques - réponses

pays% Correct
France
100%
Allemagne
97%
Brésil
97%
Espagne
97%
Etats-Unis
97%
Royaume-Uni
97%
Italie
94%
Belgique
88%
Russie
88%
Inde
82%
Mexique
82%
Argentine
70%
Pays-Bas
70%
Portugal
64%
Pologne
61%
Suisse
61%
Turquie
52%
Afrique du Sud
45%
Colombie
42%
Slovénie
36%
Tchèquie
36%
Croatie
30%
Israël
18%
Panama
15%
Lituanie
9%
Bahreïn
6%
Arménie
3%
Géorgie
3%

Distribution des résultats

Percentile par nombre de réponses

% des personnes avec chaque résultat

Votre développement - résultats

Vous n’avez pas pris ce quiz